000 00844nam a2200205 a 4500
003 0
005 20250526094820.0
008 021127s19uu xx 00 eng d
050 _aPGS LC 268
_b.Al316 2001
100 _aAl-nasser, Jehad Ali.
245 _aPerceptions of the grade six students of Southville International School on the weekly value theme, academic year 2000-2001 /
_cJehad Ali Al-nasser.
260 _aLas Piñas City, Philippines :
_bSouthville International School and Colleges,
_c2001.
300 _a24 pages :
_bcolored illustrations ;
_c28 cm.
504 _aIncludes bibliographical references.
650 _aMoral education.
650 _aValues
_vStudy and teaching (Elementary).
650 _aStudents
_vAttitudes.
650 _aSouthville International School (Las Piñas City, Philippines).
942 _2lcc
_cPASS
999 _c96430
_d96430